| 000 | 00380nam a2200121Ia 4500 | ||
|---|---|---|---|
| 008 | 200907s9999 xx 000 0 und d | ||
| 020 | _a978-971-98-1072-8 | ||
| 100 | _aBaltazar, Ethel Cecille | ||
| 245 |
_cEthel Cecille Baltazar _aMathematics in the modern world/ |
||
| 260 |
_aQuezon City: _bC and E Publishing, Inc. _c2018 |
||
| 300 |
_a270 pages _c21 cm. |
||
| 650 | _aMathematics | ||
| 999 |
_c364066 _d364066 |
||